|
|
|
|
| LEADER |
02194nam a2200625 a 4500 |
| 001 |
nkc20081798671 |
| 003 |
CZ PrNK |
| 005 |
20110505131012.0 |
| 007 |
ta |
| 008 |
110218s2008 xr ae g f 000 0 spa |
| 015 |
|
|
|a cnb001798671
|
| 020 |
|
|
|a 978-80-86339-41-2
|q (brož.)
|
| 035 |
|
|
|a (OCoLC)713788715
|
| 040 |
|
|
|a ABA001
|b cze
|
| 041 |
1 |
|
|a spa
|h cze
|
| 043 |
|
|
|a e-xr---
|b e-xr-pg
|2 czenas
|
| 072 |
|
7 |
|a 72
|x Architektura
|2 Konspekt
|9 21
|
| 080 |
|
|
|a 725.835
|2 MRF
|
| 080 |
|
|
|a 72:904
|2 MRF
|
| 080 |
|
|
|a 72.012.8
|2 MRF
|
| 080 |
|
|
|a 72/76.05
|2 MRF
|
| 080 |
|
|
|a (437.311)
|2 MRF
|
| 080 |
|
|
|a (036)
|2 MRF
|
| 080 |
|
|
|a (084.12)
|2 MRF
|
| 100 |
1 |
|
|a Laudát, František,
|d 1960-
|7 jo2002111954
|4 aut
|
| 245 |
1 |
0 |
|a Guía de la Casa Municipal /
|c [texto František Laudát ; fotografías Ronald Hilmar, Josef Hilmar]
|
| 246 |
3 |
0 |
|a Casa Municipal
|
| 250 |
|
|
|a Publicación 1.
|
| 260 |
|
|
|a [Praga] :
|b Guía la Casa Municipal,
|c c2008
|
| 300 |
|
|
|a 63 s. :
|b il. (převážně barev.), 1 plán ;
|c 24 cm
|
| 500 |
|
|
|a Přeloženo z češtiny
|
| 500 |
|
|
|a 500 výt.
|
| 610 |
2 |
7 |
|a Obecní dům (Praha, Česko)
|7 kn20010710565
|2 czenas
|
| 650 |
0 |
7 |
|a společenské domy
|7 ph138694
|z Česko
|2 czenas
|
| 650 |
0 |
7 |
|a architektonické památky
|7 ph118585
|z Česko
|2 czenas
|
| 650 |
0 |
7 |
|a interiéry
|7 ph121148
|z Česko
|2 czenas
|
| 650 |
0 |
7 |
|a umělecká výzdoba
|7 ph136757
|z Česko
|2 czenas
|
| 650 |
0 |
9 |
|a cultural houses
|z Czechia
|2 eczenas
|
| 650 |
0 |
9 |
|a architectural monuments
|z Czechia
|2 eczenas
|
| 650 |
0 |
9 |
|a interiors
|z Czechia
|2 eczenas
|
| 650 |
0 |
9 |
|a artistic decoration
|z Czechia
|2 eczenas
|
| 651 |
|
7 |
|a Praha (Česko)
|7 ge118011
|2 czenas
|
| 651 |
|
9 |
|a Prague (Czechia)
|2 eczenas
|
| 655 |
|
7 |
|a průvodce
|7 fd133154
|2 czenas
|
| 655 |
|
7 |
|a fotografické publikace
|7 fd132276
|2 czenas
|
| 655 |
|
9 |
|a guidebooks
|2 eczenas
|
| 655 |
|
9 |
|a photographical works
|2 eczenas
|
| 700 |
1 |
|
|a Hilmar, Ronald
|7 jx20090630008
|4 pht
|
| 700 |
1 |
|
|a Hilmar, Josef
|7 jx20110222010
|4 pht
|
| 910 |
2 |
|
|a BOA001
|b 2-1262.825
|
| 928 |
9 |
|
|a Obecní dům
|
| 990 |
|
|
|a BK
|
| 995 |
|
|
|a 01
|
| 991 |
|
|
|b 201103
|e n
|
| 996 |
6 |
|
|b 2610469045
|c 2-1262.825
|l MZK
|r Sklad / do 1 hodiny
|n 0
|p p.v.
|w 001170574
|u 000010
|a 1
|e BOA001
|j MZK50
|s P
|